000 00739nam a22002177a 4500
005 20140404105006.0
010 _aB-520513-546
020 _a9781405362078
_c225.00
035 _aB-520513-546
037 _bBBB/Ven
_adpl
082 _a910.3
245 _aFirst Geography Encyclopedia /
_cedited by Caroline Stamps [and] Wendy Horobin
260 _aLondon
_bDorling Kindersley Publisher
_c2010
270 _a80 Strand,
_bLondon
_eWC2R 0RL
300 _a127p. :
_bcol.ill.
_c24cm(pbk)
500 _aIncludes index
700 _aedited by Horobin, Wendy
700 _aedited by Stamps, Caroline
942 _2ddc
_cCH
_mFIR
_h910.3
999 _c79395
_d79395